gminy powiatu mławskiego - Statystyki

Ogólne statystyki
  • Ten quiz został rozwiązany 178 razy
  • Średni wynik to 4 z 10
Odpowiedzi na mapie
Odpowiedzi zakodowano w zielono-czerwonej skali na mapie do tego quizu, zgodnie z poniższymi procentami.
 
Statystyki odpowiedzi
Gmina Odpowiedź % Poprawnych
miejska Mława
95%
wiejska Strzegowo
51%
wiejska Wiśniewo
51%
wiejska Lipowiec Kościelny
37%
wiejska Radzanów
37%
wiejska Szreńsk
37%
wiejska Wieczfnia Kościelna
37%
wiejska Stupsk
35%
wiejska Szydłowo
33%
wiejska Dzierzgowo
30%
Nie znaleziono quizów pasujących do podanych kryteriów
Rozkład punktacji
Procent ludzi z każdym wynikiem
Percentyl według liczby udzielonych odpowiedzi
Twoja historia wyników
Nie rozwiązałeś tego quizu